[Event "GBR-ch84 Major Open"]
[Site "Hove"]
[Date "1997.08.11"]
[Round "7"]
[White "Chamberlain, Thomas"]
[Black "Kennaugh, Charles W"]
[Result "0-1"]
[WhiteElo "2075"]
[BlackElo "2300"]
[PlyCount "50"]
[EventDate "1997.08.04"]
[EventType "swiss"]
[EventRounds "11"]
[EventCountry "GBR"]
[SourceTitle "BritBase"]
[Source "John Saunders"]
[SourceDate "2024.07.22"]
[SourceVersion "1"]
[SourceVersionDate "2024.07.22"]
[SourceQuality "1"]

1. e4 e5 2. f4 exf4 3. Nf3 g5 4. h4 g4 5. Ne5 Nf6 6. d4 d6 7. Nd3 Nxe4 8. Bxf4
Qe7 9. Be2 Nc6 10. c3 Bf5 11. Nd2 Nxc3 12. bxc3 Bxd3 13. Nf1 Bxe2 14. Qxe2
Qxe2+ 15. Kxe2 h5 16. Re1 Bh6 17. Bxh6 Rxh6 18. Ng3 Kf8 19. Kd3 Re8 20. Rxe8+
Kxe8 21. Rf1 Ne7 22. Re1 Rh7 23. Ke4 Kd7 24. Kf4 f6 25. c4 Ng6+ 0-1

[Event "GBR-ch84 Major Open"]
[Site "Hove"]
[Date "1997.08.11"]
[Round "7"]
[White "Broomfield, Matthew P"]
[Black "Stephenson, Frederick Norman"]
[Result "1/2-1/2"]
[WhiteElo "2105"]
[BlackElo "2190"]
[PlyCount "47"]
[EventDate "1997.08.04"]
[EventType "swiss"]
[EventRounds "11"]
[EventCountry "GBR"]
[SourceTitle "BritBase"]
[Source "John Saunders"]
[SourceDate "2024.07.22"]
[SourceVersion "1"]
[SourceVersionDate "2024.07.22"]
[SourceQuality "1"]

1. c4 e5 2. Nc3 Bb4 3. Nd5 Be7 4. g3 Nf6 5. Nxe7 Qxe7 6. Bg2 O-O 7. d3 c6 8. e4
Rd8 9. Bg5 h6 10. Bxf6 Qxf6 11. Ne2 d6 12. O-O Nd7 13. f4 exf4 14. d4 f3 15.
Bxf3 Qg5 16. Nc3 Nf6 17. Qe2 Bh3 18. Bg2 Bg4 19. Qf2 Rd7 20. h3 Bh5 21. Qf4 Re8
22. Rae1 Bg6 23. h4 Qa5 24. Re2 {Source: Norman Stephenson} 1/2-1/2

[Event "GBR-ch84 Major Open"]
[Site "Hove"]
[Date "1997.08.11"]
[Round "7"]
[White "Ogunshola, Ben"]
[Black "Rizouk, Ryad"]
[Result "0-1"]
[WhiteElo "2140"]
[BlackElo "2375"]
[PlyCount "47"]
[EventDate "1997.08.04"]
[EventType "swiss"]
[EventRounds "11"]
[EventCountry "GBR"]
[SourceTitle "BritBase"]
[Source "John Saunders"]
[SourceDate "2024.07.22"]
[SourceVersion "1"]
[SourceVersionDate "2024.07.22"]
[SourceQuality "1"]

1. c4 Nf6 2. Nf3 d6 3. g3 e5 4. Bg2 g6 5. Nc3 Bg7 6. O-O O-O 7. d3 Nc6 8. Rb1
a5 9. a3 h6 10. b4 axb4 11. axb4 Be6 12. b5 Ne7 13. Qc2 Qd7 14. Rd1 Rad8 15.
Bb2 Ng4 16. Ra1 f5 17. Ra7 Rb8 18. Nd2 e4 19. dxe4 Bd4 20. Ra3 Bxf2+ 21. Kh1
Bc5 22. Bf3 Nf2+ 23. Kg2 fxe4 24. Ncxe4 0-1

[Event "GBR-ch84 Major Open"]
[Site "Hove"]
[Date "1997.08.11"]
[Round "7"]
[White "Simons, Martin J"]
[Black "Tebb, David J"]
[Result "0-1"]
[WhiteElo "2072"]
[BlackElo "2280"]
[PlyCount "47"]
[EventDate "1997.08.04"]
[EventType "swiss"]
[EventRounds "11"]
[EventCountry "GBR"]
[SourceTitle "BritBase"]
[Source "John Saunders"]
[SourceDate "2024.07.22"]
[SourceVersion "1"]
[SourceVersionDate "2024.07.22"]
[SourceQuality "1"]

1. e4 c5 2. Nc3 Nc6 3. f4 g6 4. Nf3 Bg7 5. Bb5 Nd4 6. Bd3 d6 7. Nxd4 cxd4 8.
Ne2 Nf6 9. O-O O-O 10. c3 dxc3 11. bxc3 b5 12. Bc2 b4 13. Bb2 Ba6 14. cxb4 Qb6+
15. Kh1 Rfc8 16. Bc3 Ng4 17. Bxg7 Kxg7 18. Nc3 Rxc3 19. dxc3 Ne3 20. Qf3 Bxf1
21. Rxf1 Nxf1 22. Qxf1 Rc8 23. Qd3 Qf2 24. h3 0-1

[Event "GBR-ch84 Major Open"]
[Site "Hove"]
[Date "1997.08.11"]
[Round "7"]
[White "Bates, Ruth A"]
[Black "Alfred, Nathan SW"]
[Result "0-1"]
[WhiteElo "1888"]
[BlackElo "2165"]
[PlyCount "44"]
[EventDate "1997.08.04"]
[EventType "swiss"]
[EventRounds "11"]
[EventCountry "GBR"]
[SourceTitle "BritBase"]
[Source "John Saunders"]
[SourceDate "2024.07.22"]
[SourceVersion "1"]
[SourceVersionDate "2024.07.22"]
[SourceQuality "1"]

1. d4 Nf6 2. Bg5 Ne4 3. Bh4 g5 4. f3 gxh4 5. fxe4 c5 6. e3 Bh6 7. Kf2 cxd4 8.
exd4 e5 9. Nc3 Nc6 10. Nf3 d6 11. Nd5 O-O 12. c3 f5 13. dxe5 fxe4 14. Nf6+ Rxf6
15. exf6 exf3 16. Bc4+ Kh8 17. Re1 Qb6+ 18. Kf1 Bg4 19. Qc2 Ne5 20. Rxe5 dxe5
21. Qe4 fxg2+ 22. Kxg2 Be6 0-1

[Event "GBR-ch84 Major Open"]
[Site "Hove"]
[Date "1997.08.11"]
[Round "7"]
[White "O'Brien, Thomas V"]
[Black "Savory, Richard J"]
[Result "1-0"]
[WhiteElo "1840"]
[BlackElo "1992"]
[PlyCount "29"]
[EventDate "1997.08.04"]
[EventType "swiss"]
[EventRounds "11"]
[EventCountry "GBR"]
[SourceTitle "BritBase"]
[Source "John Saunders"]
[SourceDate "2024.07.22"]
[SourceVersion "1"]
[SourceVersionDate "2024.07.22"]
[SourceQuality "1"]

1. e4 c5 2. Nf3 d6 3. d4 cxd4 4. Nxd4 Nf6 5. Nc3 a6 6. Bc4 e6 7. Bb3 b5 8. O-O
Qc7 9. Qd3 Bb7 10. Re1 Nc6 11. Nxc6 Qxc6 12. Qg3 Be7 13. Qxg7 Rg8 14. Qh6 b4
15. Ba4 1-0

[Event "GBR-ch84 Major Open"]
[Site "Hove"]
[Date "1997.08.12"]
[Round "8"]
[White "Newman, Stephen J"]
[Black "Noyce, Robert C"]
[Result "0-1"]
[WhiteElo "2096"]
[BlackElo "2180"]
[PlyCount "144"]
[EventDate "1997.08.04"]
[EventType "swiss"]
[EventRounds "11"]
[EventCountry "GBR"]
[SourceTitle "BritBase"]
[Source "John Saunders"]
[SourceDate "2024.07.22"]
[SourceVersion "1"]
[SourceVersionDate "2024.07.22"]
[SourceQuality "1"]

1. e4 d5 2. exd5 Nf6 3. c4 e6 4. d4 exd5 5. Nc3 Be7 6. Nf3 Nc6 7. cxd5 Nxd5 8.
Bc4 Be6 9. Qb3 Na5 10. Qa4+ c6 11. Bxd5 Bxd5 12. Nxd5 Qxd5 13. O-O O-O 14. Re1
Bd6 15. Qc2 Nc4 16. Ng5 f5 17. b3 Rae8 18. Rd1 Nb6 19. Bb2 h6 20. Nf3 Qe4 21.
Qxe4 Rxe4 22. Re1 Rfe8 23. Ne5 Rxe1+ 24. Rxe1 Nd5 25. Kf1 Bxe5 26. dxe5 Kf7 27.
Ba3 Ke6 28. Bd6 a6 29. f3 Nc3 30. a4 f4 31. g3 Nd5 32. Kf2 g5 33. g4 h5 34.
gxh5 Rh8 35. h3 Rxh5 36. Kg2 Ne3+ 37. Kh2 Nf5 38. Rd1 Rh7 39. Bc5 Kxe5 40. Bb6
Ke6 41. Re1+ Kf7 42. Rd1 Kg6 43. Bd8 Nh4 44. Rd3 Rh8 45. Rd7 Re8 46. Kg1 Nxf3+
47. Kf2 Ne5 48. Rd6+ Kf5 49. Bb6 Rh8 50. Kg2 Rh7 51. Bd4 g4 52. hxg4+ Nxg4 53.
Bg1 Rg7 54. Kf1 f3 55. Bd4 Rh7 56. Kg1 Re7 57. Kf1 Re2 58. Rd8 Rh2 59. Ke1 Ke4
60. Bc5 Re2+ 61. Kf1 Nh2+ 62. Kg1 Rg2+ 63. Kh1 Ng4 64. b4 Re2 65. Rd4+ Kf5 66.
Rd1 f2 67. Rf1 Re1 68. Kg2 Ke4 69. Rxf2 Nxf2 70. Kxf2 Ra1 71. a5 Kd5 72. Ke3
Rxa5 0-1

[Event "GBR-ch84 Major Open"]
[Site "Hove"]
[Date "1997.08.12"]
[Round "8"]
[White "Donovan, Nigel P"]
[Black "Almond, Richard JA"]
[Result "0-1"]
[WhiteElo "2125"]
[BlackElo "2125"]
[PlyCount "136"]
[EventDate "1997.08.04"]
[EventType "swiss"]
[EventRounds "11"]
[EventCountry "GBR"]
[SourceTitle "BritBase"]
[Source "John Saunders"]
[SourceDate "2024.07.22"]
[SourceVersion "1"]
[SourceVersionDate "2024.07.22"]
[SourceQuality "1"]

1. e4 c6 2. d4 d5 3. e5 Bf5 4. Nf3 e6 5. Be2 c5 6. O-O Nc6 7. c3 Bg4 8. Nbd2
cxd4 9. cxd4 Nge7 10. h3 Bxf3 11. Nxf3 Nf5 12. b3 Be7 13. Bb2 O-O 14. Bd3 Nh4
15. Re1 Rc8 16. Rc1 Nxf3+ 17. Qxf3 Qa5 18. Bb1 Ba3 19. Bxa3 Qxa3 20. Qh5 g6 21.
Qh4 Qb2 22. Rcd1 Rc7 23. Qf6 Qa3 24. g4 Qb4 25. Qf4 Rfc8 26. h4 Na5 27. h5 Rc3
28. Kg2 Qf8 29. Rh1 Nc6 30. Rh2 Rc7 31. Rdh1 Qb4 32. hxg6 fxg6 33. Qf6 Qe7 34.
Qxe7 Rxe7 35. Bxg6 Nxd4 36. Rxh7 Rxh7 37. Rxh7 Nc6 38. Rxb7 Nxe5 39. Bh5 a6 40.
Rb6 Rc6 41. Rb7 Nd3 42. Kg3 Rd6 43. Bg6 Nc1 44. Bh7+ Kh8 45. Bb1 d4 46. Rh7+
Kg8 47. Rh1 Ne2+ 48. Kf3 Nc3 49. Rc1 Kg7 50. a3 e5 51. Bf5 a5 52. Kg2 e4 53. g5
Rd5 54. Be6 Rxg5+ 55. Kf1 Kf6 56. Bc4 Ke5 57. Rc2 Kf4 58. Be2 Nxe2 59. Rxe2 Kf3
60. Ke1 Rb5 61. b4 axb4 62. Rb2 b3 63. a4 Rb8 64. a5 d3 65. a6 Ra8 66. Rxb3
Rxa6 67. Rb1 Ra2 68. Rb8 Re2+ 0-1

[Event "GBR-ch84 Major Open"]
[Site "Hove"]
[Date "1997.08.12"]
[Round "8"]
[White "Dyce, Andrew N"]
[Black "Hodge, David J"]
[Result "1/2-1/2"]
[WhiteElo "2150"]
[BlackElo "2140"]
[PlyCount "87"]
[EventDate "1997.08.04"]
[EventType "swiss"]
[EventRounds "11"]
[EventCountry "GBR"]
[SourceTitle "BritBase"]
[Source "John Saunders"]
[SourceDate "2024.07.22"]
[SourceVersion "1"]
[SourceVersionDate "2024.07.22"]
[SourceQuality "1"]

1. e4 c5 2. Nf3 d6 3. Bb5+ Bd7 4. Bxd7+ Nxd7 5. O-O Ngf6 6. Qe2 e6 7. c3 Be7 8.
d4 cxd4 9. cxd4 O-O 10. Nc3 d5 11. e5 Ne8 12. Be3 Nb6 13. Nd2 f5 14. exf6 Bxf6
15. Nf3 Nd6 16. Bf4 Re8 17. Rac1 a6 18. Rfe1 Rc8 19. Qd3 Nf5 20. g4 Nh4 21.
Nxh4 Bxh4 22. Re2 Bg5 23. Qe3 Bxf4 24. Qxf4 Qf6 25. Qxf6 gxf6 26. Rce1 Kf7 27.
f4 Rc4 28. Rd1 Rg8 29. Rg2 e5 30. dxe5 fxe5 31. Nxd5 Nxd5 32. Rxd5 Rc1+ 33. Kf2
Rc2+ 34. Kf1 Rxg2 35. Kxg2 Rxg4+ 36. Kh3 Rxf4 37. Rd7+ Kg6 38. Rxb7 Rf6 39. a4
e4 40. a5 e3 41. Kg3 Rf5 42. Re7 Rxa5 43. Rxe3 Rb5 44. Re6+ 1/2-1/2

[Event "GBR-ch84 Major Open"]
[Site "Hove"]
[Date "1997.08.12"]
[Round "8"]
[White "Moskovic, David M"]
[Black "Macdonald-Ross, Michael"]
[Result "0-1"]
[WhiteElo "2180"]
[BlackElo "2175"]
[PlyCount "76"]
[EventDate "1997.08.04"]
[EventType "swiss"]
[EventRounds "11"]
[EventCountry "GBR"]
[SourceTitle "BritBase"]
[Source "John Saunders"]
[SourceDate "2024.07.22"]
[SourceVersion "1"]
[SourceVersionDate "2024.07.22"]
[SourceQuality "1"]

1. e4 d6 2. Nc3 c6 3. d4 Nf6 4. f4 Qa5 5. Bd3 e5 6. dxe5 dxe5 7. f5 b5 8. Nf3
Nbd7 9. O-O Bb7 10. Kh1 a6 11. Bd2 Qc7 12. a4 Be7 13. Qe1 h5 14. Ng5 Nc5 15.
Rf3 Rd8 16. Ne2 Rd7 17. b3 Ng4 18. h3 Nxd3 19. cxd3 Qd8 20. Ba5 Qb8 21. Qh4 Rh6
22. Ng3 Rxd3 23. Nxh5 Rxf3 24. gxf3 Nf2+ 25. Kg2 Kf8 26. Kxf2 Qa7+ 27. Ke2 bxa4
28. Rd1 Qc5 29. Bd8 Qb5+ 30. Rd3 Bxd8 31. Ne6+ Rxe6 32. Qg4 Rd6 33. Qxg7+ Ke8
34. Qg8+ Kd7 35. Nf6+ Bxf6 36. Qxf7+ Be7 37. Qe6+ Kd8 38. Qg8+ Kc7 0-1

[Event "GBR-ch84 Major Open"]
[Site "Hove"]
[Date "1997.08.12"]
[Round "8"]
[White "Player, Edmund C"]
[Black "Wise, David"]
[Result "0-1"]
[WhiteElo "2090"]
[BlackElo "2195"]
[PlyCount "76"]
[EventDate "1997.08.04"]
[EventType "swiss"]
[EventRounds "11"]
[EventCountry "GBR"]
[SourceTitle "BritBase"]
[Source "John Saunders"]
[SourceDate "2024.07.22"]
[SourceVersion "1"]
[SourceVersionDate "2024.07.22"]
[SourceQuality "1"]

1. e4 c5 2. Nc3 Nc6 3. g3 g6 4. Bg2 Bg7 5. d3 d6 6. f4 e6 7. Nf3 Nge7 8. O-O
O-O 9. Be3 Nd4 10. Rb1 b6 11. Ne2 Nxf3+ 12. Bxf3 Bb7 13. d4 f5 14. e5 Bxf3 15.
Rxf3 dxe5 16. dxe5 Qc7 17. Nc3 Rfd8 18. Qe2 a6 19. Rff1 Nd5 20. Nxd5 Rxd5 21.
Rfd1 Rxd1+ 22. Rxd1 Rd8 23. Rxd8+ Qxd8 24. Qxa6 Qd1+ 25. Kg2 Qxc2+ 26. Kh3 Qd1
27. Qxb6 Qf1+ 28. Kh4 h6 29. Qd8+ Kh7 30. Qd2 Bf8 31. g4 Qf3 32. h3 fxg4 33.
Qd7+ Bg7 34. hxg4 Qxe3 35. Qxe6 Qxf4 36. Kh3 Qe3+ 37. Kg2 Qxe5 38. Qc4 Qxb2+
0-1

[Event "GBR-ch84 Major Open"]
[Site "Hove"]
[Date "1997.08.12"]
[Round "8"]
[White "Stephenson, Frederick Norman"]
[Black "Ogunshola, Ben"]
[Result "1-0"]
[WhiteElo "2190"]
[BlackElo "2140"]
[PlyCount "65"]
[EventDate "1997.08.04"]
[EventType "swiss"]
[EventRounds "11"]
[EventCountry "GBR"]
[SourceTitle "BritBase"]
[Source "John Saunders"]
[SourceDate "2024.07.22"]
[SourceVersion "1"]
[SourceVersionDate "2024.07.22"]
[SourceQuality "1"]

1. d4 d6 2. e4 g6 3. Nf3 Bg7 4. Bd3 Nc6 5. c3 Bg4 6. h3 Bxf3 7. Qxf3 e5 8. d5
Nce7 9. h4 h5 10. Bg5 f6 11. Be3 Qd7 12. Na3 a6 13. Qe2 Bh6 14. Bxh6 Nxh6 15.
f3 Nc8 16. Nc4 Qg7 17. Ne3 Nb6 18. O-O-O O-O-O 19. a4 Rhf8 20. a5 Nd7 21. Bxa6
f5 22. Bb5 Nb8 23. a6 bxa6 24. Bc6 Rd7 25. Qc4 Kd8 26. Qb4 Ke7 27. Bxd7 Kxd7
28. Qb7 Qe7 29. Nc4 Qd8 30. Nxe5+ dxe5 31. d6 Qc8 32. dxc7+ Ke7 33. cxb8=Q+ {
Source: Norman Stephenson} 1-0

[Event "GBR-ch84 Major Open"]
[Site "Hove"]
[Date "1997.08.12"]
[Round "8"]
[White "Costley, Martin Owen"]
[Black "Lewis, Andrew P"]
[Result "0-1"]
[WhiteElo "2008"]
[BlackElo "2296"]
[PlyCount "64"]
[EventDate "1997.08.04"]
[EventType "swiss"]
[EventRounds "11"]
[EventCountry "GBR"]
[SourceTitle "BritBase"]
[Source "John Saunders"]
[SourceDate "2024.07.22"]
[SourceVersion "1"]
[SourceVersionDate "2024.07.22"]
[SourceQuality "1"]

1. d4 Nf6 2. c4 g6 3. Nc3 Bg7 4. e4 d6 5. Be2 O-O 6. Bg5 Nbd7 7. Qd2 e5 8. d5
Nc5 9. f3 a5 10. g4 c6 11. Nh3 cxd5 12. cxd5 h6 13. Be3 h5 14. Nf2 hxg4 15.
fxg4 b5 16. Bf3 b4 17. Ne2 Bxg4 18. Bxg4 Ncxe4 19. Nxe4 Nxe4 20. Qd1 Qh4+ 21.
Ng3 Nxg3 22. Bf2 f5 23. Bf3 e4 24. hxg3 Qg5 25. Qc1 Qxc1+ 26. Rxc1 exf3 27. Be3
a4 28. Kf2 Bxb2 29. Rc7 Rf7 30. Rxf7 Kxf7 31. Bg5 b3 32. axb3 a3 {Source:
probably J A Dodgson. Contributed by Brian Denman.} 0-1

[Event "GBR-ch84 Major Open"]
[Site "Hove"]
[Date "1997.08.12"]
[Round "8"]
[White "Kennaugh, Charles W"]
[Black "Parker, Robert"]
[Result "1-0"]
[WhiteElo "2300"]
[BlackElo "2125"]
[PlyCount "63"]
[EventDate "1997.08.04"]
[EventType "swiss"]
[EventRounds "11"]
[EventCountry "GBR"]
[SourceTitle "BritBase"]
[Source "John Saunders"]
[SourceDate "2024.07.22"]
[SourceVersion "1"]
[SourceVersionDate "2024.07.22"]
[SourceQuality "1"]

1. e4 e5 2. f4 exf4 3. Bc4 Nf6 4. Nc3 c6 5. Bb3 d5 6. exd5 Bg4 7. Nf3 cxd5 8.
d4 Bb4 9. O-O O-O 10. Bxf4 Nc6 11. Bg5 Bxc3 12. bxc3 Rc8 13. Qe1 Qd6 14. Qh4
Bf5 15. Bxf6 gxf6 16. Nd2 Ne7 17. c4 Qb4 18. Qg3+ Bg6 19. c3 Qa5 20. c5 b6 21.
Rae1 Rfe8 22. Qh3 f5 23. Qh4 Qxc3 24. Nb1 Qb4 25. Rxe7 Rxe7 26. Qxe7 Qxd4+ 27.
Kh1 Rxc5 28. Rd1 Qb2 29. Nd2 a5 30. Nf3 a4 31. Bxd5 Qc2 32. Bxf7+ 1-0

[Event "GBR-ch84 Major Open"]
[Site "Hove"]
[Date "1997.08.12"]
[Round "8"]
[White "Tebb, David J"]
[Black "Devereaux, Maxim L"]
[Result "1/2-1/2"]
[WhiteElo "2280"]
[BlackElo "2152"]
[PlyCount "57"]
[EventDate "1997.08.04"]
[EventType "swiss"]
[EventRounds "11"]
[EventCountry "GBR"]
[SourceTitle "BritBase"]
[Source "John Saunders"]
[SourceDate "2024.07.22"]
[SourceVersion "1"]
[SourceVersionDate "2024.07.22"]
[SourceQuality "1"]

1. e4 c5 2. Nf3 Nc6 3. c3 Nf6 4. e5 Nd5 5. d4 cxd4 6. Bc4 Nb6 7. Bb3 d6 8. exd6
e6 9. Nxd4 Nxd4 10. Qxd4 Qxd6 11. Be3 Qxd4 12. Bxd4 Bd6 13. O-O O-O 14. Rd1 Bc7
15. Nd2 a6 16. Bc5 Re8 17. Bd6 Bd8 18. c4 Bd7 19. c5 Nc8 20. Nc4 Bb5 21. Bf4
Bf6 22. Rab1 Bc6 23. Ne5 Bxe5 24. Bxe5 Ne7 25. Rd2 Nd5 26. a3 Rad8 27. Rbd1 Rd7
28. Bc2 Red8 29. Bb3 1/2-1/2

[Event "GBR-ch84 Major Open"]
[Site "Hove"]
[Date "1997.08.12"]
[Round "8"]
[White "Almond, Philip"]
[Black "Simons, Martin J"]
[Result "1-0"]
[WhiteElo "2048"]
[BlackElo "2072"]
[PlyCount "53"]
[EventDate "1997.08.04"]
[EventType "swiss"]
[EventRounds "11"]
[EventCountry "GBR"]
[SourceTitle "BritBase"]
[Source "John Saunders"]
[SourceDate "2024.07.22"]
[SourceVersion "1"]
[SourceVersionDate "2024.07.22"]
[SourceQuality "1"]

1. c4 e5 2. Nc3 Bb4 3. Nf3 Bxc3 4. dxc3 Nc6 5. e3 d6 6. Qc2 f5 7. Be2 Nf6 8.
O-O O-O 9. b4 b6 10. c5 Qe7 11. cxd6 cxd6 12. Rd1 Bd7 13. Ba3 Nd8 14. c4 Nb7
15. Rac1 Rac8 16. Qb2 Ne4 17. Nd2 Qh4 18. g3 Qh6 19. Nxe4 fxe4 20. Bf1 Bg4 21.
Rd2 Bf3 22. c5 bxc5 23. bxc5 Nxc5 24. Bxc5 Rxc5 25. Rxc5 dxc5 26. Qxe5 Qh5 27.
Qe7 1-0

[Event "GBR-ch84 Major Open"]
[Site "Hove"]
[Date "1997.08.12"]
[Round "8"]
[White "Alfred, Nathan SW"]
[Black "Broomfield, Matthew P"]
[Result "1-0"]
[WhiteElo "2165"]
[BlackElo "2105"]
[PlyCount "33"]
[EventDate "1997.08.04"]
[EventType "swiss"]
[EventRounds "11"]
[EventCountry "GBR"]
[SourceTitle "BritBase"]
[Source "John Saunders"]
[SourceDate "2024.07.22"]
[SourceVersion "1"]
[SourceVersionDate "2024.07.22"]
[SourceQuality "1"]

1. e4 c6 2. d4 d5 3. e5 Bf5 4. Nc3 Qb6 5. Bd3 Qxd4 6. Nf3 Qg4 7. h3 Qh5 8. Ne2
Bg4 9. Ned4 c5 10. Bb5+ Kd8 11. O-O cxd4 12. hxg4 Qxg4 13. Ng5 Qxd1 14. Nxf7+
Kc8 15. Rxd1 Nc6 16. Bxc6 bxc6 17. Nxh8 1-0

[Event "GBR-ch84 Major Open"]
[Site "Hove"]
[Date "1997.08.13"]
[Round "9"]
[White "Macdonald-Ross, Michael"]
[Black "Rizouk, Ryad"]
[Result "0-1"]
[WhiteElo "2175"]
[BlackElo "2375"]
[PlyCount "144"]
[EventDate "1997.08.04"]
[EventType "swiss"]
[EventRounds "11"]
[EventCountry "GBR"]
[SourceTitle "BritBase"]
[Source "John Saunders"]
[SourceDate "2024.07.22"]
[SourceVersion "1"]
[SourceVersionDate "2024.07.22"]
[SourceQuality "1"]

1. d4 Nf6 2. Nf3 c5 3. d5 e6 4. Nc3 d6 5. e4 a6 6. a4 Be7 7. dxe6 Bxe6 8. Ng5
Bg4 9. Be2 Bxe2 10. Qxe2 Nc6 11. Nf3 O-O 12. O-O Re8 13. Qd1 h6 14. Re1 Bf8 15.
Bf4 Qa5 16. Bd2 Qb6 17. Nd5 Nxd5 18. exd5 Nd4 19. Nxd4 cxd4 20. b4 Qc7 21. Ra3
Qc4 22. Rd3 Re5 23. f4 Rxe1+ 24. Bxe1 Re8 25. Bf2 Re4 26. Qf3 f5 27. g4 Qxd5
28. gxf5 Qxf5 29. Rxd4 d5 30. Qd1 Qxf4 31. Rxd5 Bxb4 32. Rd8+ Kh7 33. Qd3 Qg5+
34. Kf1 Qg6 35. Rd7 Re7 36. Rd5 Qxd3+ 37. cxd3 Rc7 38. Ke2 Kg6 39. Bd4 Kf7 40.
h4 g6 41. Be3 Bf8 42. Bf4 Ke6 43. Rd8 Rf7 44. Be3 Bg7 45. Rc8 Re7 46. Rc4 Kd7
47. Kf3 Re6 48. Bf4 Rc6 49. Rb4 Kc8 50. Re4 Rf6 51. Rc4+ Kd8 52. Ke3 Rf7 53.
Ke4 Re7+ 54. Kd5 Rd7+ 55. Ke4 Bf8 56. d4 h5 57. Bg5+ Ke8 58. Rc8+ Kf7 59. d5
Bd6 60. Kd4 Bg3 61. Rc3 Bd6 62. Rf3+ Kg7 63. Bf6+ Kg8 64. Rb3 Kf7 65. Rf3 Kg8
66. Rb3 Kf8 67. Rb6 Bg3 68. Rb3 Bf2+ 69. Ke4 Bc5 70. Rc3 b6 71. a5 Bb4 72. Rf3
bxa5 0-1

[Event "GBR-ch84 Major Open"]
[Site "Hove"]
[Date "1997.08.13"]
[Round "9"]
[White "Noyce, Robert C"]
[Black "Almond, Philip"]
[Result "1-0"]
[WhiteElo "2180"]
[BlackElo "2048"]
[PlyCount "113"]
[EventDate "1997.08.04"]
[EventType "swiss"]
[EventRounds "11"]
[EventCountry "GBR"]
[SourceTitle "BritBase"]
[Source "John Saunders"]
[SourceDate "2024.07.22"]
[SourceVersion "1"]
[SourceVersionDate "2024.07.22"]
[SourceQuality "1"]

1. e4 c5 2. Nc3 e6 3. f4 Nc6 4. Nf3 d5 5. Bb5 dxe4 6. Bxc6+ bxc6 7. Nxe4 Ba6 8.
d3 Nf6 9. Nxf6+ Qxf6 10. Qe2 Bd6 11. g3 O-O 12. O-O Rfd8 13. Ne5 Bxe5 14. fxe5
Qg6 15. b3 h5 16. Rf4 Rd4 17. Qf2 Rad8 18. Be3 Rxf4 19. Qxf4 Rd5 20. Re1 Bc8
21. Bf2 Qf5 22. Kg2 g5 23. Qxf5 exf5 24. Kf3 Kg7 25. h4 g4+ 26. Kf4 Kg6 27. Re2
a5 28. a4 Be6 29. Be1 Rd4+ 30. Ke3 f4+ 31. gxf4 Kf5 32. Bg3 Rb4 33. Kd2 Bd5 34.
Ke3 Be6 35. Rf2 Bd5 36. Rd2 Be6 37. Rd1 Bd5 38. Rb1 Be6 39. c4 Rb8 40. Be1 Rd8
41. Bxa5 Rd4 42. Rf1 g3 43. Be1 g2 44. Rg1 Rxf4 45. Rxg2 Rg4 46. Rxg4 Kxg4 47.
d4 Kf5 48. Ba5 Bc8 49. Bc7 Ke6 50. dxc5 Kd7 51. Bd6 Kd8 52. a5 Bf5 53. a6 Kc8
54. Kd4 Bc2 55. Kc3 Bd1 56. Kb4 Bc2 57. Ka5 1-0

[Event "GBR-ch84 Major Open"]
[Site "Hove"]
[Date "1997.08.13"]
[Round "9"]
[White "Devereaux, Maxim L"]
[Black "Dyce, Andrew N"]
[Result "0-1"]
[WhiteElo "2152"]
[BlackElo "2150"]
[PlyCount "112"]
[EventDate "1997.08.04"]
[EventType "swiss"]
[EventRounds "11"]
[EventCountry "GBR"]
[SourceTitle "BritBase"]
[Source "John Saunders"]
[SourceDate "2024.07.22"]
[SourceVersion "1"]
[SourceVersionDate "2024.07.22"]
[SourceQuality "1"]

1. e4 g6 2. d4 Nf6 3. e5 Nh5 4. Be2 d6 5. Bxh5 gxh5 6. Qxh5 dxe5 7. Qxe5 Rg8 8.
Nf3 Nc6 9. Qb5 a6 10. Qd3 Rxg2 11. Be3 Qd5 12. Nbd2 Bg4 13. Nh4 Nb4 14. Qc4
Qxc4 15. Nxc4 Nxc2+ 16. Kf1 Nxa1 17. Kxg2 Nc2 18. Bf4 Nxd4 19. Bxc7 Rc8 20. Ne3
Rxc7 21. Nxg4 Rc2 22. Rb1 Bg7 23. Ne3 Rd2 24. Nc4 Re2 25. Rc1 Re4 26. Nf3 f5
27. h3 Nxf3 28. Kxf3 b5 29. Ne3 Ra4 30. b3 Rxa2 31. Nxf5 Bf6 32. Rc8+ Kd7 33.
Ra8 Ra3 34. Ne3 Kc6 35. Kg4 Kb7 36. Re8 Rxb3 37. Nd5 a5 38. Nxf6 exf6 39. Re7+
Kb6 40. Re6+ Kc5 41. Rxf6 a4 42. f4 a3 43. Ra6 Kb4 44. f5 Rb1 45. f6 Rf1 46.
Kg5 Kb3 47. Kh6 a2 48. Kg7 a1=Q 49. Rxa1 Rxa1 50. Kxh7 Rf1 51. Kg7 Kc4 52. h4
b4 53. h5 b3 54. h6 b2 55. h7 Rg1+ 56. Kf7 Rh1 0-1

[Event "GBR-ch84 Major Open"]
[Site "Hove"]
[Date "1997.08.13"]
[Round "9"]
[White "Hodge, David J"]
[Black "Kennaugh, Charles W"]
[Result "0-1"]
[WhiteElo "2140"]
[BlackElo "2300"]
[PlyCount "106"]
[EventDate "1997.08.04"]
[EventType "swiss"]
[EventRounds "11"]
[EventCountry "GBR"]
[SourceTitle "BritBase"]
[Source "John Saunders"]
[SourceDate "2024.07.22"]
[SourceVersion "1"]
[SourceVersionDate "2024.07.22"]
[SourceQuality "1"]

1. e4 e5 2. Nf3 Nc6 3. Bc4 Nf6 4. d3 h6 5. O-O g6 6. d4 exd4 7. Re1 Bg7 8. e5
Ng8 9. c3 Nge7 10. cxd4 d5 11. exd6 cxd6 12. d5 Ne5 13. Nxe5 dxe5 14. f4 O-O
15. fxe5 Qc7 16. Qd4 Nf5 17. Qc3 Re8 18. d6 Qc5+ 19. Kh1 Rxe5 20. Rxe5 Qxe5 21.
Qxe5 Bxe5 22. Nc3 Nxd6 23. Bd5 Kg7 24. Be3 Be6 25. Rd1 Nc4 26. Bxe6 fxe6 27.
Rd7+ Kg8 28. Bxh6 Nxb2 29. Ne4 b5 30. Bg5 Rf8 31. g3 a5 32. Bh6 Re8 33. Bf4 Bg7
34. Bh6 Bh8 35. Nd6 Rb8 36. Bg5 Nc4 37. Nxb5 Rxb5 38. Rd8+ Kf7 39. Rd7+ Kf8 40.
Rd8+ Kg7 41. Rd7+ Kg8 42. Rd8+ Kh7 43. Rd7+ Bg7 44. Bf6 Rb1+ 45. Kg2 Ne3+ 46.
Kh3 Nf5 47. g4 Kg8 48. gxf5 Bxf6 49. fxg6 Rg1 50. Rd6 Re1 51. Ra6 Bc3 52. Kg4
Kg7 53. Kg5 Rg1+ 0-1